000 00702cam a2200193 i 4500
005 20251214110852.0
008 250721s2011 jo gr 000 0 ara d
020 _a995753517x
082 1 4 _a216.79
_bم ع ا
100 1 _aصلاح، المعايطة
_eمؤلف.
245 1 2 _aالدية الشرعية بين الفقه والقانون الشرعي /
_cتأليف القاضي صلاح المعايطة.
264 3 1 _aعمان :
_bمؤسسة البلسم للنشر والتوزيع،
_c2011.
300 _a213 صفحة.
650 1 7 _aالفقه الاسلامي.
650 1 7 _aالقانون.
650 1 7 _aحدود القتل.
942 _2ddc
_cBK
999 _c124828
_d124828